000 00797nam a22001815i 4500
001 159030
003 ES-MaACL
005 20251120063145.0
008 010530s1859 cu |||| | spa d
040 _aCCPB | B
_bspa
_cCCPB | B
100 1 _aMartínez Villergas, Juan,
_d1817-1894
_978481
245 1 3 _aLa vida en el chaleco
_b: novela original de costumbres no menos originales /
_cescrita y dedicada a los habitantes de la isla de Cuba por Juan Martínez Villergas.
260 _aHabana :
_blibrería e imprenta El Iris, de Majin Pujolá y Cpª.,
_c1859.
300 _aVII, 587 p. ;
_c23 cm.
505 8 _aViaje al pais de Motezuma, 42 p.
852 _aES-MaACL
_jB-4586
_z-- Enc. hol.
_z-- Enc. con esta obra 42 p. tituladas "Viaje al pais de Motezuma"
999 _c159030
_d159030